| 000 | 00862nam a2200121Ia 4500 | ||
|---|---|---|---|
| 008 | 220620s9999||||xx |||||||||||||| ||und|| | ||
| 100 | _aKapelari, Suzanne | ||
| 245 | 0 | _aGarden Learning: A Study on European Botanic Gardens' Collaborative Learning Processes | |
| 546 | _aEnglish[eng] | ||
| 650 | _aexpansive learning||inquiry based science education||international project management||biology education research||botanic garden education||learning outside the classroom||Consortium||Pedagogy||Professional development||Reflective practice||Scientific literacy | ||
| 856 | _uhttps://library.oapen.org/bitstream/20.500.12657/32922/1/588798.pdf||https://library.oapen.org/bitstream/20.500.12657/32922/1/588798.pdf||https://library.oapen.org/bitstream/20.500.12657/32922/1/588798.pdf||https://library.oapen.org/bitstream/20.500.12657/32922/1/588798.pdf | ||
| 942 | _cEB | ||
| 999 |
_c29255 _d29255 |
||